| 000 | 00897nam a2200277 i 4500 | ||
|---|---|---|---|
| 001 | 89106 | ||
| 003 | ES-MaACL | ||
| 005 | 20230906180058.0 | ||
| 007 | t| | ||
| 008 | 050201s2004 sp ||||1| spa d | ||
| 020 | _a84-339-6207-8 | ||
| 080 | _a930.1 | ||
| 080 | _a930.2 | ||
| 100 | 1 |
_aGaddis, John Lewis. _953185 |
|
| 245 | 1 | 3 |
_aEl paisaje de la historia _b: cómo los historiadores representan el pasado / _cJohn Lewis Gaddis ; traducción de Marco Aurelio Galmarini. |
| 260 |
_aBarcelona : _bAnagrama, _c[2004] |
||
| 300 |
_a244 p. : _bil. ; _c22 cm. |
||
| 490 | 1 |
_aArgumentos ; _v313 |
|
| 650 | 4 |
_aHistoria- _xFilosofía. _913380 |
|
| 650 | 1 | 4 |
_aHistoria- _xMetodología. _913381 |
| 700 | 1 |
_aGalmarini, Marco Aurelio. _953654 |
|
| 830 | 0 |
_aArgumentos ; _v313 _9178418 |
|
| 852 |
_aES-MaACL _jL-28736 _bR.135041 |
||
| 852 |
_aES-MaACL _jL-29097 _bR.135601 |
||
| 999 |
_c89106 _d89106 |
||